000 00779 a2200205 4500
008 080820t xxu||||| |||| 00| 0 eng d
010 _aENG-84788
020 _a8175243961
_c600.00
035 _aEN-68321
037 _bD.B.Act / Pub
082 _a796
245 _aSports dynamics
_cedited and compiled by Rachna Jain
260 _aNew Delhi
_bKhel Sahitya Kendra
_c2006
270 _a7/26, Ansari Road, Darya Ganj,
_bNew Delhi
_cDelhi
_e110002
_k55190343, 42564726
_l42564726
_mkhelsahitya1@rediffmail.com
300 _a304 p.
_c22 cm (Hb)
650 _aSports
700 _aJain. Rachna
942 _adpl
_cEN
_k796 / SPO
_2ddc
_h796
_m SPO
999 _c371
_d371